LoL Champions an 1 Auge erkennen 1 - Statistiken

Allgemein
  • Dieses Quiz wurde 1.600 mal gespielt
    1.589 seit der letzten Aktualisierung
  • Das Durchschnittsergebnis liegt bei 21 aus 24
Antwortstatistiken
Bildquiz Antwort % Korrekt
Lux
99%
Teemo
98%
Ezreal
96%
Fizz
95%
Zoe
95%
Aurelion Sol
93%
Nocturne
93%
Poppy
93%
Ivern
91%
Lillia
91%
Vex
91%
Blitzcrank
90%
Gwen
90%
Thresh
90%
Zac
90%
Taliyah
88%
Briar
86%
Wukong
85%
Kog'Maw
78%
Smolder
74%
Kindred
72%
Pyke
72%
Rengar
70%
Kha'Zix
66%
Keine übereinstimmenden Quizze gefunden
Verteilung der Resultate
Anzahl Personen mit jedem Resultat
Perzentil nach korrekt beantworteten Fragen
Ihre Resultats-Entwicklung
Sie haben dieses Quiz seit der letzten Aktualisierung nicht gespielt